000 01041nam a22002777i 4500
999 _c23633
_d23633
003 AR-CdUCM
008 260424b20192019 d|||| |||| 00| 0 spa d
020 _a978-607-550-209-0
040 _aMUNICIPALIDAD PROVINCIAL DEL CUSCO
_cBIBLIOTECA MUNICIPAL DEL CUSCO
041 _hspa
082 _24ª Ed.
_a512
_bB17
100 _aBaldor, Aurelio
_926843
245 _aÁlgebra Baldor /
260 _aMéxico :
_bGrupo Editorial Patria
_c2019
300 _a584 páginas. :
_c16x24 cm.
505 _aSuma -- Resta -- Multiplicación -- División -- Descomposición factorial -- Fórmulas -- Potenciación -- Radicación -- Teoría de los exponentes -- Radicales -- Números complejos -- Progresiones y series -- Ecuaciones -- Logaritmos
650 _aÁlgebra
_952679
650 _aEcuaciones
_919076
650 _aInecuaciones
_944428
650 _aFórmulas
_919258
650 _aPotenciación
_944432
650 _aFunciones
_920052
856 _fwww.editorialpatria.com.mx
942 _2ddc
_cLIBROS
945 _aesh
_d24-04-2026